000 02716cam a22005894i 4500
003 PE-LiUPU
005 20250731173407.0
008 150706s2005 miu rb 000 0 spa d
020 _a9780825412677
020 _a9780825405006
035 _a(Sirsi) i9780825412677
040 _aPE-LiUPU
_bspa
_cPE-LiUPU
_erda
041 1 _aspa
_heng
049 _aPRUA
082 0 4 _a248.8431
_bG38
_221
082 0 4 _a248.8431
_bG38 2006
100 1 _aGeorge, Elizabeth,
_d1944- ,
_eautor.
245 1 4 _aUna madre conforme al corazón de Dios :
_b10 maneras de mostrarle a sus hijos /
_cElizabeth George.
264 1 _aGrand Rapids, Michigan :
_bPORTAVOZ,
_c2005.
300 _a223 páginas ;
_c21 centímetros
336 _atext
_2rdacontent
337 _aunmediated
_2rdamedia
338 _avolume
_2rdacarrier
504 _aIncluye notas bibliográficas.
505 0 _aCómo educar a los hijos para Dios. y para la vida -- Dedica tiempo a alimentar tu corazón -- Enséñales a tus hijos la Palabra de Dios -- Háblales de Dios a tus hijos -- Háblales de Jesús a tus hijos -- Instruye a tus hijos en el camino de Dios -- Cuida a tus hijos -- Lleva a tus hijos a la iglesia -- Enséñales a tus hijos a orar -- Da lo mejor de ti -- Intercede por tus hijos.
526 _aSEG42
526 _aSEG41
526 _aSEG40
526 _aSEG39
526 _aP94
526 _aP87
526 _aP86
526 _aP85
526 _aP77
526 _aP76
526 _aP35
534 _pTítulo original :
_tAmom after god´s own heart.
541 _g001-001094;
650 1 4 _aMadres e hijos
_xCristianismo.
650 1 4 _aCrianza de hijos
_xCristianismo.
650 2 4 _aEducación cristiana de niños.
700 1 _aBernal Nohra,
_etraductor.
910 _agl
_bjv
_cng
_d20110811
942 _2ddc
_cBOOK
949 _a248.8431 G38
_wDEWEY
_c1
_i63325
_lCCODEBUL1
_mBUL
_p12.00
_r0
_sY
_tBOOK
_u2015-7-6
_xTEOLOGIA
_PP35
_o.STAFF. Colección General
949 _a248.8431 G38 2006
_wDEWEY
_c1
_iFT03657
_lCCODEBUT1
_mBUT
_p{Dolar}10.00
_r0
_sY
_tBOOK
_u2018-08-16
_xBIBLIOTECA
_zUNKNOWN
_o.STAFF. Colección General Tarapoto
994 _aC0
_bPEPRU
596 _a1 2
999 _a248.8431 G38
_wDEWEY
_c52328
_i63325
_d52328
_e2017-8-17
_f2021-11-10
_g5
_lCCODEBUL1
_mBUL
_n5
_p12.00
_q1
_r0
_sY
_tBOOK
_u2015-7-6
_xTEOLOGIA
_PP35
_0COMPRA
_o.STAFF. Colección Teología
999 _a248.8431 G38 2006
_wDEWEY
_c1
_iFT03657
_f2019-2-20
_g1
_lCCODEBUT1
_mBUT
_p10.00
_r0
_sY
_tBOOK
_u2018-8-16
_xBIBLIOTECA
_zUNKNOWN
_0DONACION
_o.STAFF. Colección General Tarapoto
980 _81
_gALBERTO SANCHEZ Responsable de Automatización